[Event "Primorsko op-A"]
[Site "Primorsko"]
[Date "2019.09.22"]
[Round "8"]
[White "Petkov, Emil"]
[Black "Todorov, Kaloyan"]
[Result "0-1"]
[WhiteElo "2203"]
[BlackElo "1952"]
[PlyCount "50"]
[EventDate "2019.09.15"]
[EventType "swiss"]
[EventRounds "9"]
[EventCountry "BUL"]
[SourceTitle "EXT 2020"]
[Source "ChessBase"]
[SourceDate "2019.10.17"]
[SourceVersion "1"]
[SourceVersionDate "2019.10.17"]
[SourceQuality "1"]

1. d4 Nf6 2. c4 e6 3. Nc3 Bb4 4. e3 b6 5. Nge2 Bb7 6. a3 Be7 7. d5 0-0 8. g3 d6 9. Bg2 Nbd7 10. 0-0 e5 11. f4 a5 12. b3 Ba6 13. Bb2 Rb8 14. Nb5 Ng4 15. Qd2 Nc5 16. h3 Nf6 17. fxe5 dxe5 18. Bxe5 Bxb5 19. cxb5 Nxb3 20. Qc3 Nxa1 21. Bxc7 Nxd5 22. Bxd5 Qxd5 23. Bxb8 Rxb8 24. Qxa1 Bc5 25. Nd4 Qe5 0-1

[Event "Primorsko op-B"]
[Site "Primorsko"]
[Date "2019.09.20"]
[Round "5"]
[White "Novichenko, Oleksandr"]
[Black "Todorov, Kaloyan"]
[Result "1-0"]
[WhiteElo "1679"]
[BlackElo "1952"]
[PlyCount "85"]
[EventDate "2019.09.16"]
[EventType "swiss"]
[EventRounds "7"]
[EventCountry "BUL"]
[SourceTitle "EXT 2020"]
[Source "ChessBase"]
[SourceDate "2019.10.17"]
[SourceVersion "1"]
[SourceVersionDate "2019.10.17"]
[SourceQuality "1"]

1. e4 b6 2. d4 Bb7 3. Bd3 e6 4. a3 d6 5. c4 g6 6. Nf3 Bg7 7. Bg5 Qc8 8. Nc3 Nd7 9. Rc1 h6 10. Be3 Ne7 11. 0-0 g5 12. Nd2 e5 13. d5 Ng6 14. g3 Nf6 15. Kg2 Ng4 16. h3 Nxe3+ 17. fxe3 0-0 18. Qh5 Qe8 19. Be2 a6 20. Bg4 Bc8 21. Bf5 Ne7 22. Rf2 f6 23. Qxe8 Rxe8 24. b4 Bxf5 25. exf5 Reb8 26. Nde4 Kf7 27. g4 h5 28. c5 bxc5 29. bxc5 dxc5 30. Nxc5 Ra7 31. e4 Bf8 32. N3a4 Nc8 33. gxh5 Nd6 34. Re2 Nb5 35. Re3 g4 36. Rg3 Bh6 37. Rb1 gxh3+ 38. Kxh3 Rh8 39. Ne6 Nd6 40. Nac5 Nc8 41. Rb8 Ke7 42. Rd3 c6 43. d6+ 1-0

[Event "Primorsko op-A"]
[Site "Primorsko"]
[Date "2019.09.19"]
[Round "5"]
[White "Todorov, Kaloyan"]
[Black "Ninov, Dayan"]
[Result "1/2-1/2"]
[WhiteElo "1952"]
[BlackElo "2261"]
[PlyCount "33"]
[EventDate "2019.09.15"]
[EventType "swiss"]
[EventRounds "9"]
[EventCountry "BUL"]
[SourceTitle "EXT 2020"]
[Source "ChessBase"]
[SourceDate "2019.10.17"]
[SourceVersion "1"]
[SourceVersionDate "2019.10.17"]
[SourceQuality "1"]

1. e4 d6 2. d4 Nf6 3. Nc3 e5 4. Nf3 Nbd7 5. Bc4 exd4 6. Qxd4 h6 7. 0-0 Be7 8. h3 0-0 9. Re1 a6 10. a4 Re8 11. Bf4 Nc5 12. Bh2 Be6 13. Rad1 Bf8 14. b4 Ncd7 15. Nd5 a5 16. b5 Bxd5 17. Bxd5 1/2-1/2

[Event "Primorsko op-B"]
[Site "Primorsko"]
[Date "2019.09.18"]
[Round "3"]
[White "Todorov, Kaloyan"]
[Black "Stoimenov, Plamen"]
[Result "1/2-1/2"]
[WhiteElo "1952"]
[BlackElo "1773"]
[PlyCount "92"]
[EventDate "2019.09.16"]
[EventType "swiss"]
[EventRounds "7"]
[EventCountry "BUL"]
[SourceTitle "EXT 2020"]
[Source "ChessBase"]
[SourceDate "2019.10.17"]
[SourceVersion "1"]
[SourceVersionDate "2019.10.17"]
[SourceQuality "1"]

1. e4 d6 2. d4 Nf6 3. Nc3 g6 4. Be3 Bg7 5. f3 h6 6. Qd2 a6 7. a4 Nc6 8. Nge2 e5 9. d5 Ne7 10. a5 Bd7 11. Nc1 Nh5 12. g4 Nf4 13. Bxf4 exf4 14. Qxf4 f5 15. Nd3 0-0 16. gxf5 gxf5 17. Rg1 Kh7 18. 0-0-0 fxe4 19. Qxe4+ Bf5 20. Rxg7+ Kxg7 21. Qd4+ Kh7 22. Nf4 Ng6 23. Nxg6 Bxg6 24. Ne4 Rxf3 25. Nd2 Rf7 26. Bd3 Qf6 27. Bxg6+ Qxg6 28. Re1 Raf8 29. b3 Qf6 30. Qe4+ Kh8 31. Qe3 Qf4 32. Qd3 Qf5 33. Qc3+ Qf6 34. Qh3 Rg7 35. Rf1 Qe7 36. Qxh6+ Kg8 37. Rxf8+ Kxf8 38. Nc4 Kg8 39. Qh3 Qe1+ 40. Kb2 Rg1 41. Qc8+ Kh7 42. Qxc7+ Kg8 43. Qc8+ Kh7 44. Qh3+ Kg7 45. Qd7+ Kf8 46. Qc8+ Kg7 1/2-1/2

[Event "Primorsko op"]
[Site "Primorsko"]
[Date "2018.09.21"]
[Round "6"]
[White "Andreev, Stanislav"]
[Black "Todorov, Kaloyan"]
[Result "1-0"]
[WhiteElo "2164"]
[BlackElo "2021"]
[PlyCount "101"]
[EventDate "2018.09.16"]
[EventType "swiss"]
[EventRounds "9"]
[EventCountry "BUL"]
[SourceTitle "CBM 186 Extra"]
[Source "ChessBase"]
[SourceDate "2018.08.24"]
[SourceVersion "1"]
[SourceVersionDate "2018.08.24"]
[SourceQuality "1"]

1. d4 Nf6 2. c4 e6 3. Nc3 Bb4 4. e3 d5 5. cxd5 exd5 6. Nge2 0-0 7. a3 Bd6 8. g3 c6 9. Bg2 Bf5 10. 0-0 Re8 11. b4 Nbd7 12. b5 Nb6 13. bxc6 bxc6 14. a4 Nc4 15. Nb1 Qe7 16. a5 Rab8 17. Nbc3 Bb4 18. a6 Rb6 19. Ra4 Bd6 20. Nf4 Bxf4 21. exf4 Bc8 22. Qc2 Rxa6 23. f5 h6 24. Bf4 Nb6 25. Rxa6 Bxa6 26. Ra1 Bc4 27. h3 Nh5 28. Bd2 Qc7 29. Qc1 Kh7 30. g4 Nf6 31. Bf4 Qd7 32. Qc2 Kg8 33. Be5 Qe7 34. Bf3 Nh7 35. Bh2 c5 36. Qd2 Ng5 37. Bg2 f6 38. Bf4 Nf7 39. dxc5 Qxc5 40. Be3 Qc7 41. f4 Rd8 42. Bd4 Re8 43. Kh1 a6 44. Qf2 Nd7 45. Nxd5 Qd6 46. Nc3 Nd8 47. h4 Nc6 48. Rd1 Nxd4 49. Rxd4 Qc5 50. Qd2 Nf8 51. Rxc4 1-0

[Event "Primorsko op"]
[Site "Primorsko"]
[Date "2018.09.20"]
[Round "5"]
[White "Todorov, Kaloyan"]
[Black "Yordanov, Lachezar"]
[Result "0-1"]
[WhiteElo "2021"]
[BlackElo "2308"]
[PlyCount "86"]
[EventDate "2018.09.16"]
[EventType "swiss"]
[EventRounds "9"]
[EventCountry "BUL"]
[SourceTitle "CBM 186 Extra"]
[Source "ChessBase"]
[SourceDate "2018.08.24"]
[SourceVersion "1"]
[SourceVersionDate "2018.08.24"]
[SourceQuality "1"]

1. e4 c6 2. d4 d5 3. Nd2 dxe4 4. Nxe4 Bf5 5. Ng3 Bg6 6. h4 h6 7. h5 Bh7 8. Bd3 Bxd3 9. Qxd3 e6 10. Nf3 Nd7 11. Bf4 Qa5+ 12. Bd2 Bb4 13. c3 Be7 14. c4 Qc7 15. 0-0-0 b5 16. c5 Ngf6 17. Rh4 Nd5 18. Rg4 N7f6 19. Rh4 Rd8 20. Qe2 a5 21. Kb1 a4 22. Ne5 Nd7 23. Rg4 Nxe5 24. dxe5 Bxc5 25. Rxg7 a3 26. f4 Bf8 27. Rg4 axb2 28. f5 Qd7 29. Rd4 exf5 30. Qf3 c5 31. Rd3 c4 32. Rd4 Bc5 33. Nxf5 Bxd4 34. Nxd4 c3 35. e6 fxe6 36. Be1 Qh7+ 37. Nc2 Qf5 38. Qe2 Rg8 39. Qxb5+ Rd7 40. g3 Qxh5 41. Rd3 Rf8 42. Ne3 Qe2 43. Nxd5 Qxe1+ 0-1

[Event "Primorsko op"]
[Site "Primorsko"]
[Date "2018.09.19"]
[Round "4"]
[White "Kostlan, Jan"]
[Black "Todorov, Kaloyan"]
[Result "0-1"]
[WhiteElo "1901"]
[BlackElo "2021"]
[PlyCount "50"]
[EventDate "2018.09.16"]
[EventType "swiss"]
[EventRounds "9"]
[EventCountry "BUL"]
[SourceTitle "CBM 186 Extra"]
[Source "ChessBase"]
[SourceDate "2018.08.24"]
[SourceVersion "1"]
[SourceVersionDate "2018.08.24"]
[SourceQuality "1"]

1. d4 Nf6 2. c4 e6 3. Nf3 b6 4. g3 Bb7 5. Bg2 d6 6. Nc3 Ne4 7. Qc2 Nxc3 8. Qxc3 Nd7 9. 0-0 Nf6 10. Bg5 Be7 11. Nd2 c6 12. f4 h6 13. Bxf6 Bxf6 14. e4 c5 15. e5 cxd4 16. Qxd4 dxe5 17. Qxd8+ Rxd8 18. Bxb7 Rxd2 19. Bc6+ Ke7 20. a4 exf4 21. Rxf4 Bxb2 22. Rb1 f6 23. Re1 Rhd8 24. Bd5 Be5 25. a5 exd5 0-1

[Event "Paracin Summer op-A 11th"]
[Site "Paracin"]
[Date "2018.07.10"]
[Round "5"]
[White "Horton, Jamie A"]
[Black "Todorov, Kaloyan"]
[Result "1-0"]
[WhiteElo "2189"]
[BlackElo "1977"]
[PlyCount "67"]
[EventDate "2018.07.06"]
[EventType "swiss"]
[EventRounds "9"]
[EventCountry "SRB"]
[SourceTitle "EXT 2019"]
[Source "ChessBase"]
[SourceDate "2018.10.10"]
[SourceVersion "1"]
[SourceVersionDate "2018.10.10"]
[SourceQuality "1"]

1. e4 e5 2. Nf3 Nc6 3. Bc4 Bc5 4. d3 d6 5. c3 Nf6 6. Bb3 h6 7. Nbd2 0-0 8. 0-0 a6 9. h3 Re8 10. Re1 Ba7 11. Nf1 Ne7 12. Ng3 Ng6 13. d4 c6 14. Bc2 Qc7 15. Be3 Be6 16. Qd2 Nh7 17. Nf5 f6 18. h4 Ngf8 19. Rad1 Rad8 20. Qe2 Bb8 21. d5 Bf7 22. Nh2 Kh8 23. Qg4 Bg6 24. Nf1 h5 25. Qf3 cxd5 26. Rxd5 Ne6 27. N1g3 Bf7 28. Rd2 Nc5 29. Red1 Qc6 30. Nxh5 Bxh5 31. Qxh5 Nxe4 32. Qg6 Rg8 33. Ne7 Qe8 34. Bxe4 1-0

[Event "Paracin Summer op-A 11th"]
[Site "Paracin"]
[Date "2018.07.10"]
[Round "6"]
[White "Sahajasri, Cholleti"]
[Black "Todorov, Kaloyan"]
[Result "1/2-1/2"]
[WhiteElo "2169"]
[BlackElo "1977"]
[PlyCount "47"]
[EventDate "2018.07.06"]
[EventType "swiss"]
[EventRounds "9"]
[EventCountry "SRB"]
[SourceTitle "EXT 2019"]
[Source "ChessBase"]
[SourceDate "2018.10.10"]
[SourceVersion "1"]
[SourceVersionDate "2018.10.10"]
[SourceQuality "1"]

1. Nf3 Nf6 2. c4 e6 3. g3 b6 4. Bg2 Bb7 5. Nc3 Be7 6. 0-0 0-0 7. d4 Ne4 8. Bd2 Nxd2 9. Qxd2 d6 10. e4 Nd7 11. Rad1 a6 12. Qc2 Qc8 13. Rde1 c5 14. d5 e5 15. Bh3 Qd8 16. a4 Bc8 17. Ra1 Rb8 18. Qe2 g6 19. Nd1 Kg7 20. Nd2 h5 21. f4 Rh8 22. Kg2 h4 23. f5 Nf6 24. Ne3 1/2-1/2

[Event "Paracin Summer op-A 11th"]
[Site "Paracin"]
[Date "2018.07.06"]
[Round "1"]
[White "Todorov, Kaloyan"]
[Black "Yordanov, Lachezar"]
[Result "1/2-1/2"]
[WhiteElo "1977"]
[BlackElo "2290"]
[PlyCount "51"]
[EventDate "2018.07.06"]
[EventType "swiss"]
[EventRounds "9"]
[EventCountry "SRB"]
[SourceTitle "CBM 185 Extra"]
[Source "ChessBase"]
[SourceDate "2018.07.29"]
[SourceVersion "1"]
[SourceVersionDate "2018.07.29"]
[SourceQuality "1"]

1. e4 c5 2. Nf3 d6 3. d4 cxd4 4. Nxd4 Nf6 5. f3 e5 6. Nb3 a5 7. Bb5+ Bd7 8. a4 d5 9. exd5 Bxb5 10. axb5 Nbd7 11. Nc3 Bb4 12. Qd3 Nb6 13. 0-0 a4 14. Nd2 0-0 15. Nde4 Bxc3 16. Nxc3 Nfxd5 17. Nxd5 Qxd5 18. Rd1 Qxd3 19. Rxd3 Rfc8 20. Be3 Nc4 21. b3 axb3 22. Rxa8 Rxa8 23. cxb3 Nxe3 24. Rxe3 f6 25. Rc3 Ra3 26. b6 1/2-1/2

[Event "Primorsko op"]
[Site "Primorsko"]
[Date "2017.09.20"]
[Round "5"]
[White "Angelov, Kosta"]
[Black "Todorov, Kaloyan"]
[Result "1/2-1/2"]
[WhiteElo "2115"]
[BlackElo "1999"]
[PlyCount "29"]
[EventDate "2017.09.17"]
[EventType "swiss"]
[EventRounds "9"]
[EventCountry "BUL"]
[SourceTitle "CBM 180 Extra"]
[Source "ChessBase"]
[SourceDate "2017.10.06"]
[SourceVersion "1"]
[SourceVersionDate "2017.10.06"]
[SourceQuality "1"]

1. e4 e5 2. Nc3 Nf6 3. f4 d5 4. fxe5 Nxe4 5. Nf3 Nc6 6. Bb5 a6 7. Bxc6+ bxc6 8. Qe2 Nxc3 9. dxc3 Be7 10. 0-0 0-0 11. Bf4 Qd7 12. Qe1 c5 13. h3 Qc6 14. Qg3 Qg6 15. Rf2 1/2-1/2

[Event "Primorsko op"]
[Site "Primorsko"]
[Date "2017.09.17"]
[Round "1"]
[White "Todorov, Kaloyan"]
[Black "Dimitrov, Radoslav"]
[Result "0-1"]
[WhiteElo "1999"]
[BlackElo "2451"]
[PlyCount "60"]
[EventDate "2017.09.17"]
[EventType "swiss"]
[EventRounds "9"]
[EventCountry "BUL"]
[SourceTitle "CBM 180 Extra"]
[Source "ChessBase"]
[SourceDate "2017.10.06"]
[SourceVersion "1"]
[SourceVersionDate "2017.10.06"]
[SourceQuality "1"]

1. e4 c5 2. Nf3 Nc6 3. Bb5 g6 4. 0-0 Bg7 5. Re1 e5 6. c3 Nge7 7. Na3 0-0 8. Nc2 a6 9. Bf1 d5 10. d3 h6 11. Ne3 d4 12. Nc2 b5 13. b4 dxc3 14. bxc5 b4 15. Rb1 a5 16. a3 Rb8 17. Na1 Be6 18. axb4 Ba2 19. Be3 Bxb1 20. Qxb1 Nxb4 21. Qd1 Qd7 22. Qe2 Rfd8 23. Rd1 Qa4 24. Ne1 Nec6 25. Nac2 Nxc2 26. Qxc2 Qxc2 27. Nxc2 Nd4 28. Na3 Rb3 29. Nc4 c2 30. Rc1 Rb1 0-1

[Event "Ruse Cup 1st"]
[Site "Ruse"]
[Date "2017.05.01"]
[Round "6"]
[White "Todorov, Kaloyan"]
[Black "Naydenov, Nayden"]
[Result "1-0"]
[WhiteElo "1972"]
[BlackElo "1989"]
[PlyCount "69"]
[EventDate "2017.04.29"]
[EventType "swiss"]
[EventRounds "7"]
[EventCountry "BUL"]
[SourceTitle "CBM 178 Extra"]
[Source "ChessBase"]
[SourceDate "2017.06.22"]
[SourceVersion "1"]
[SourceVersionDate "2017.06.22"]
[SourceQuality "1"]

1. e4 Nc6 2. Nf3 e5 3. Bc4 Nf6 4. d3 Be7 5. 0-0 0-0 6. Re1 d6 7. c3 Na5 8. Bb5 Bd7 9. Ba4 Bxa4 10. Qxa4 c5 11. Bg5 a6 12. Na3 b5 13. Qc2 Nh5 14. Bd2 f5 15. exf5 Rxf5 16. d4 g6 17. dxc5 dxc5 18. Rxe5 Rxf3 19. gxf3 Bd6 20. Re4 Qf6 21. Qd3 Rd8 22. Qe2 Nc6 23. Re8+ Kf7 24. Rxd8 Nxd8 25. Qe4 Ne6 26. Rd1 Nhf4 27. Bxf4 Nxf4 28. Kf1 c4 29. Nc2 Nd3 30. Qd5+ Kg7 31. Nd4 Qh4 32. Ne6+ Kh6 33. Rxd3 cxd3 34. Qxd6 d2 35. Qxd2+ 1-0

[Event "An Pasan Friends"]
[Site "Sofia"]
[Date "2016.12.29"]
[Round "5"]
[White "Raykov, Stefan"]
[Black "Todorov, Kaloyan"]
[Result "1/2-1/2"]
[WhiteElo "2206"]
[BlackElo "1972"]
[PlyCount "106"]
[EventDate "2016.12.26"]
[EventType "tourn"]
[EventRounds "5"]
[EventCountry "BUL"]
[SourceTitle "CBM 176 Extra"]
[Source "ChessBase"]
[SourceDate "2017.03.02"]
[SourceVersion "1"]
[SourceVersionDate "2017.03.02"]
[SourceQuality "1"]

1. e4 e5 2. Nf3 Nc6 3. d4 exd4 4. Nxd4 Bc5 5. Be3 Qf6 6. c3 Nge7 7. Qd2 0-0 8. f4 Bxd4 9. cxd4 d5 10. e5 Qg6 11. h3 Bf5 12. Na3 h5 13. g4 Be4 14. f5 Nxf5 15. gxf5 Qxf5 16. Rg1 f6 17. exf6 Rxf6 18. 0-0-0 Raf8 19. Bd3 Nb4 20. Bxe4 Qxe4 21. Qxb4 Qxe3+ 22. Qd2 Qxh3 23. Qg5 Rc6+ 24. Nc2 g6 25. Qxd5+ Kh7 26. Rde1 Qh4 27. Rgf1 Rf2 28. Rxf2 Qxf2 29. Re7+ Kh6 30. Qe4 Qf1+ 31. Kd2 Qf6 32. Qe3+ g5 33. Nb4 Rd6 34. Nd5 Rxd5 35. Re6 Rxd4+ 36. Ke2 Rd6 37. Rxf6+ Rxf6 38. Qe7 Rc6 39. b4 a6 40. a4 h4 41. b5 axb5 42. axb5 Rg6 43. Kf2 Rg7 44. Qf6+ Kh7 45. Kg2 Rg6 46. Qf7+ Kh6 47. Qxc7 b6 48. Qd8 Kh5 49. Qe8 g4 50. Qe5+ Kh6 51. Qh8+ Kg5 52. Qd8+ Kh5 53. Qh8+ Kg5 1/2-1/2

[Event "An Pasan Friends"]
[Site "Sofia"]
[Date "2016.12.27"]
[Round "3"]
[White "Todorov, Kaloyan"]
[Black "Cholakov, Nikolay"]
[Result "1-0"]
[WhiteElo "1972"]
[BlackElo "1887"]
[PlyCount "61"]
[EventDate "2016.12.26"]
[EventType "tourn"]
[EventRounds "5"]
[EventCountry "BUL"]
[SourceTitle "CBM 176 Extra"]
[Source "ChessBase"]
[SourceDate "2017.03.02"]
[SourceVersion "1"]
[SourceVersionDate "2017.03.02"]
[SourceQuality "1"]

1. e4 d5 2. exd5 Qxd5 3. Nf3 Nf6 4. Be2 Bg4 5. d4 c6 6. Be3 e6 7. 0-0 Qa5 8. Ne5 Bxe2 9. Qxe2 Bd6 10. Nc4 Qc7 11. Nxd6+ Qxd6 12. c4 Nbd7 13. Nc3 0-0 14. Rad1 Rfe8 15. f4 Qc7 16. Qf3 Rad8 17. Bf2 Nf8 18. Bh4 Ng6 19. Bxf6 gxf6 20. f5 exf5 21. Qxf5 Re6 22. Ne4 Qe7 23. Nxf6+ Kh8 24. Qf2 Re2 25. Qg3 Rd6 26. Nh5 Rde6 27. Qb8+ Nf8 28. Nf4 Kg7 29. Nxe2 Rxe2 30. Qg3+ Ng6 31. Rde1 1-0

[Event "Pleven op 3rd"]
[Site "Pleven"]
[Date "2016.10.09"]
[Round "6"]
[White "Todorov, Kaloyan"]
[Black "Georgiev, Nikolay"]
[Result "1-0"]
[WhiteElo "1928"]
[BlackElo "1574"]
[PlyCount "71"]
[EventDate "2016.10.07"]
[EventType "swiss"]
[EventRounds "7"]
[EventCountry "BUL"]
[SourceTitle "EXT 2017"]
[Source "ChessBase"]
[SourceDate "2016.10.25"]
[SourceVersion "1"]
[SourceVersionDate "2016.10.25"]
[SourceQuality "1"]

1. e4 e5 2. Nf3 Nc6 3. Bc4 Bc5 4. 0-0 Qf6 5. d3 Nge7 6. Be3 d6 7. c3 Be6 8. Nbd2 Bb6 9. Re1 0-0 10. Nf1 h6 11. h3 Ng6 12. Bb3 Nf4 13. Bxf4 Qxf4 14. Qd2 g5 15. Rad1 Rfe8 16. Qxf4 gxf4 17. N1d2 a6 18. Re2 Kh7 19. Kh2 Rg8 20. g3 fxg3+ 21. fxg3 Rad8 22. Bc2 Ne7 23. Nc4 Ba7 24. Ne3 f6 25. b3 Kg7 26. d4 Kf7 27. Rf1 Ke8 28. d5 Bf7 29. Nh4 Bxe3 30. Rxe3 Ng6 31. Rxf6 Nxh4 32. gxh4 Rg6 33. Rf1 Ke7 34. Ref3 Be8 35. Bd1 Bd7 36. Rf7+ 1-0

[Event "EU-ch U16 26th"]
[Site "Prague"]
[Date "2016.08.24"]
[Round "6"]
[White "Todorov, Kaloyan"]
[Black "Bauer, Miroslav"]
[Result "1-0"]
[WhiteElo "1918"]
[BlackElo "1327"]
[PlyCount "99"]
[EventDate "2016.08.18"]
[EventType "swiss"]
[EventRounds "9"]
[EventCountry "CZE"]
[SourceTitle "CBM 174 Extra"]
[Source "ChessBase"]
[SourceDate "2016.10.10"]
[SourceVersion "1"]
[SourceVersionDate "2016.10.10"]
[SourceQuality "1"]

1. e4 d6 2. d4 Nf6 3. Nc3 Nbd7 4. Be3 e5 5. f3 c6 6. Qd2 Qc7 7. Nge2 Be7 8. Nc1 a5 9. a4 0-0 10. Nb3 exd4 11. Nxd4 d5 12. exd5 Nxd5 13. Nxd5 cxd5 14. Nb5 Qc6 15. 0-0-0 Nf6 16. Bd4 Bf5 17. Bd3 Bxd3 18. Qxd3 Rfc8 19. Rhe1 Re8 20. Bxf6 Bxf6 21. Rxe8+ Rxe8 22. g3 Rd8 23. c3 d4 24. Kb1 g6 25. cxd4 Qd7 26. f4 Be7 27. Qe4 Bb4 28. Qd3 Be7 29. Rc1 Rc8 30. Rxc8+ Qxc8 31. Qc3 Qf5+ 32. Qc2 Qd5 33. Qe2 Qh1+ 34. Kc2 Qd5 35. Nc3 Qd7 36. Qe5 Bb4 37. Kb3 Qh3 38. Qe2 Qd7 39. Qe4 Qd8 40. Nd5 Qd6 41. f5 Qb8 42. fxg6 hxg6 43. Nxb4 axb4 44. Qe7 Qa7 45. Qxb4 Qa6 46. Ka2 Qe6+ 47. Qb3 Qd7 48. Qc4 Qd8 49. h4 Kh7 50. Qxf7+ 1-0

[Event "EU-ch U16 26th"]
[Site "Prague"]
[Date "2016.08.22"]
[Round "5"]
[White "Dill, Xaver"]
[Black "Todorov, Kaloyan"]
[Result "1-0"]
[WhiteElo "2110"]
[BlackElo "1918"]
[PlyCount "71"]
[EventDate "2016.08.18"]
[EventType "swiss"]
[EventRounds "9"]
[EventCountry "CZE"]
[SourceTitle "CBM 174 Extra"]
[Source "ChessBase"]
[SourceDate "2016.10.10"]
[SourceVersion "1"]
[SourceVersionDate "2016.10.10"]
[SourceQuality "1"]

1. e4 e5 2. Nf3 Nc6 3. Bc4 Bc5 4. c3 Nf6 5. d4 exd4 6. cxd4 Bb4+ 7. Nbd2 Nxe4 8. d5 Ne7 9. 0-0 Bxd2 10. Nxd2 Nxd2 11. Bxd2 d6 12. Rc1 0-0 13. Re1 Ng6 14. Bf1 Bd7 15. Ba5 Rc8 16. Qd4 Re8 17. Bc3 f6 18. Rxe8+ Bxe8 19. Qxa7 c6 20. Qxb7 Rb8 21. Qa6 Ra8 22. Qc4 cxd5 23. Qxd5+ Bf7 24. Qd1 Rxa2 25. Ra1 Rxa1 26. Qxa1 Ne7 27. Qa6 d5 28. b4 d4 29. Bxd4 Bd5 30. Bc5 Nc8 31. Qd3 Qd7 32. b5 Qb7 33. Qe2 Kf7 34. Qh5+ g6 35. Qxh7+ Ke6 36. Qxg6 1-0

[Event "EU-ch U16 26th"]
[Site "Prague"]
[Date "2016.08.21"]
[Round "4"]
[White "Todorov, Kaloyan"]
[Black "Merkesvik, Sondre"]
[Result "1/2-1/2"]
[WhiteElo "1918"]
[BlackElo "2228"]
[PlyCount "67"]
[EventDate "2016.08.18"]
[EventType "swiss"]
[EventRounds "9"]
[EventCountry "CZE"]
[SourceTitle "CBM 174 Extra"]
[Source "ChessBase"]
[SourceDate "2016.10.10"]
[SourceVersion "1"]
[SourceVersionDate "2016.10.10"]
[SourceQuality "1"]

1. e4 c6 2. d3 d5 3. Nd2 g6 4. g3 Bg7 5. Bg2 e5 6. Ngf3 Ne7 7. 0-0 0-0 8. b4 a5 9. bxa5 Qxa5 10. Bb2 d4 11. Nb3 Qb6 12. c3 c5 13. Nfd2 f5 14. Nc4 Qc7 15. cxd4 cxd4 16. a4 Nbc6 17. Qd2 f4 18. f3 g5 19. g4 Be6 20. Rfc1 b6 21. Bf1 Rfc8 22. Be2 Bf8 23. Bd1 Ng6 24. Qe2 Bb4 25. Nbd2 Nge7 26. Ba3 Qb7 27. Rab1 Bxa3 28. Nxa3 h6 29. Ndc4 Ra6 30. Nb5 Qd7 31. Nba3 Rb8 32. Rb5 Nc8 33. Rcb1 Qc7 34. R5b2 1/2-1/2

[Event "EU-ch U16 26th"]
[Site "Prague"]
[Date "2016.08.19"]
[Round "2"]
[White "Todorov, Kaloyan"]
[Black "Slovak, Kilian"]
[Result "0-1"]
[WhiteElo "1918"]
[BlackElo "2142"]
[PlyCount "140"]
[EventDate "2016.08.18"]
[EventType "swiss"]
[EventRounds "9"]
[EventCountry "CZE"]
[SourceTitle "CBM 174 Extra"]
[Source "ChessBase"]
[SourceDate "2016.10.10"]
[SourceVersion "1"]
[SourceVersionDate "2016.10.10"]
[SourceQuality "1"]

1. e4 c5 2. Nf3 Nc6 3. Bb5 g6 4. 0-0 Bg7 5. Re1 Nf6 6. e5 Nd5 7. Bxc6 dxc6 8. h3 0-0 9. d3 f6 10. Qe2 Bd7 11. c3 Qc7 12. c4 Nb4 13. a3 Na6 14. Bf4 Qa5 15. Nc3 Rad8 16. d4 cxd4 17. b4 Qc7 18. Nxd4 fxe5 19. Bxe5 Bxe5 20. Qxe5 Rf7 21. Rad1 Rdf8 22. f3 Qxe5 23. Rxe5 Bc8 24. Rde1 Rd8 25. Nb3 Rd3 26. R1e3 Rxe3 27. Rxe3 Kf8 28. Kf2 Nc7 29. Nd4 Rf4 30. Re4 e5 31. Nde2 Rxe4 32. Nxe4 Ke7 33. Ke3 Be6 34. Nd2 b6 35. Ke4 Kf6 36. f4 exf4 37. Nxf4 Bf7 38. h4 h6 39. Ne2 Be8 40. Nf4 Bd7 41. Nf3 Ne8 42. Nd4 Nd6+ 43. Kd3 g5 44. hxg5+ Kxg5 45. Nfe2 c5 46. bxc5 bxc5 47. Nb3 Bf5+ 48. Ke3 Nxc4+ 49. Kf2 Nxa3 50. Nxc5 Nc4 51. Nb3 a5 52. Nc3 Bd7 53. Nd1 Bc6 54. Nc3 a4 55. Na1 a3 56. Ne2 Ne5 57. Nc2 Nc4 58. Na1 Bd5 59. Nc3 Be6 60. Nb5 a2 61. Nc3 Nd2 62. Nc2 Bf5 63. Na1 Ne4+ 64. Nxe4+ Bxe4 65. Kg3 Bd5 66. Nc2 Kf5 67. Kh3 Ke4 68. g4 Bb3 69. Na1 Bd1 70. Kh4 Kd4 0-1

[Event "Varna op-A 9th"]
[Site "Varna"]
[Date "2015.07.01"]
[Round "6"]
[White "Hristov, Nikolay Valeriev"]
[Black "Todorov, Kaloyan"]
[Result "1/2-1/2"]
[WhiteElo "2055"]
[BlackElo "1777"]
[PlyCount "83"]
[EventDate "2015.06.26"]
[EventType "swiss"]
[EventRounds "9"]
[EventCountry "BUL"]
[SourceTitle "CBM 167 Extra"]
[Source "ChessBase"]
[SourceDate "2015.09.14"]
[SourceVersion "1"]
[SourceVersionDate "2015.09.14"]
[SourceQuality "1"]

1. d4 d5 2. c4 dxc4 3. e3 Nf6 4. Bxc4 e6 5. Nf3 Be7 6. 0-0 0-0 7. b3 Nbd7 8. Ba3 c5 9. Nbd2 cxd4 10. Bxe7 Qxe7 11. exd4 Nb6 12. Re1 Bd7 13. Ne5 Rac8 14. Qf3 Bc6 15. Nxc6 bxc6 16. Ba6 Rcd8 17. Qxc6 Rxd4 18. Nf3 Rd6 19. Qc5 Qd8 20. Ne5 Rd5 21. Qe3 Qd6 22. Bb7 Rd4 23. Rac1 Nfd7 24. Nf3 Rd3 25. Qe2 Nf6 26. Rc6 Qd8 27. h3 h6 28. Rec1 Rd7 29. Ba6 Nfd5 30. Ne5 Rc7 31. Rxc7 Nxc7 32. Bd3 Ncd5 33. Bb1 Qg5 34. Qc2 g6 35. Nf3 Qf4 36. Qd2 Qxd2 37. Nxd2 Rc8 38. Rxc8+ Nxc8 39. a3 Nd6 40. Bd3 Kf8 41. b4 Ke7 42. g3 1/2-1/2